000 00929cam a2200241 i 4500
005 20251108172832.0
008 250721s2004 jo gr 000 0 ara d
082 1 4 _a020
_bد ب ي
100 1 _aالدبيس، ماجد مصطفى شامان
_eمؤلف.
245 1 0 _aعلم المكتبات و ما يحتاجه أمين المكتبة /
_cتاليف ماجد مصطفى شامان الدبيس، د. هاني العمد.
250 _aالطبعة الاولى.
264 3 1 _aعمان :
_bدار الفرقان،
_c2004.
300 _a300 صفحة.
650 1 7 _aعلم المكتبات.
650 1 7 _aالفهرسة.
650 1 7 _aالتصنيف (مكتبات).
650 1 7 _aخدمات المكتبة.
650 1 7 _aسي دي إس -أيسيس.
650 1 7 _aأتمتة المكتبات.
700 1 _aالعمد،هاني
_eمراجع.
942 _2ddc
_cBK
999 _c89653
_d89653